France - Départements sans voyelles - Statistiques

Statistiques générales
  • Ce quiz a été pris 143 fois
  • Le résultat moyen est 86 sur 101
Statistiques - réponses
Département amputé Réponse % Correct
BXS RHXN BAS RHIN
99%
CHXRXNTX CHARENTE
99%
CHXR CHER
99%
BXXCHXS DX RHXNX BOUCHES DU RHONE
98%
CXNTXL CANTAL
98%
CHXRXNTX MXRXTXMX CHARENTE MARITIME
98%
CXRSX DX SXD CORSE DU SUD
98%
CXLVXDXS CALVADOS
97%
CXTX D XR COTE D OR
97%
CXTXS D XRMXR COTES D ARMOR
96%
CRXXSX CREUSE
95%
DRXMX DROME
95%
FXNXSTXRX FINISTERE
95%
GXRD GARD
95%
DXRDXGNX DORDOGNE
94%
GXRS GERS
94%
GXRXNDX GIRONDE
94%
CXRRXZX CORREZE
93%
DXXBS DOUBS
93%
HXXTX GXRXNNX HAUTE GARONNE
93%
GXXXDXLXXPX GUADELOUPE
92%
HXXTX CXRSX HAUTE CORSE
92%
HXXT RHXN HAUT RHIN
92%
HXRXXLT HERAULT
92%
HXXTX MXRNX HAUTE MARNE
91%
HXXTX LXXRX HAUTE LOIRE
90%
HXXTXS XLPXS HAUTES ALPES
90%
HXXTS DX SXXNX HAUTS DE SEINE
90%
LXXRX LOIRE
90%
LXXRX XTLXNTXQXX LOIRE ATLANTIQUE
90%
LXXR XT CHXR LOIR ET CHER
90%
LXT LOT
90%
LXT XT GXRXNNX LOT ET GARONNE
90%
MXNCHX MANCHE
90%
MXRNX MARNE
90%
HXXTX SXVXXX HAUTE SAVOIE
89%
HXXTXS PXRXNXXS HAUTES PYRENEES
89%
JXRX JURA
89%
LXNDXS LANDES
89%
LXXRXT LOIRET
89%
MXRTXNXQXX MARTINIQUE
89%
MXXRTHX XT MXSXLLX MEURTHE ET MOSELLE
89%
MXSXLLX MOSELLE
89%
NXRD NORD
89%
PXRXNXXS XTLXNTXQXXS PYRENEES ATLANTIQUES
89%
RHXNX RHONE
89%
SXRTHX SARTHE
89%
SXXNX MXRXTXMX SEINE MARITIME
89%
SXXNX SXXNT DXNXS SEINE SAINT DENIS
89%
TXRN TARN
89%
TXRN XT GXRXNNX TARN ET GARONNE
89%
VXL DX MXRNX VAL DE MARNE
89%
VXL D XXSE VAL D OISE
89%
VXR VAR
89%
XLPXS DX HXXTX PRXVXNCX ALPES DE HAUTE PROVENCE
88%
XLPXS MXRXTXMX ALPES MARITIMES
88%
XRDXCHX ARDECHE
88%
DXXX SXVRXS DEUX SEVRES
88%
LXZXRX LOZERE
88%
PXS DX CXLXXQ PAS DE CALAIS
88%
SXMMX SOMME
88%
VXXCLXSX VAUCLUSE
88%
VXSGXS VOSGES
88%
XRDXNNXS ARDENNES
86%
HXXTX VXXNNX HAUTE VIENNE
86%
XNDRX INDRE
86%
XNDRX XT LXXRX INDRE ET LOIRE
86%
MXRBXHXN MORBIHAN
86%
PXRXS PARIS
86%
PXRXNXXS XRXXNTXLXS PYRENEES ORIENTALES
86%
SXXNX XT MXRNX SEINE ET MARNE
86%
TXRRXTXXRX DX BXLFXRT TERRITOIRE DE BELFORT
86%
VXNDXX VENDEE
86%
MXXNX XT LXXRX MAINE ET LOIRE
84%
XXN AIN
83%
XLLX XT VXLXXNX ILLE ET VILAINE
83%
PXX DX DXMX PUY DE DOME
83%
VXXNNX VIENNE
82%
SXVXXX SAVOIE
81%
XRNX ORNE
80%
MXXSX MEUSE
79%
NXXVRX NIEVRE
78%
HXXTX SXXNX HAUTE SAONE
76%
SXXNX XT LXXRX SAONE ET LOIRE
75%
XSSXNNX ESSONNE
74%
XSXRX ISERE
74%
XXSNX AISNE
73%
XXRE XT LXXR EURE ET LOIR
73%
MXXXNNX MAYENNE
73%
MXXXTTX MAYOTTE
73%
XXDX AUDE
72%
XXBX AUBE
71%
XVXLXNXS YVELINES
68%
XVXXRXN AVEYRON
66%
XXRX EURE
66%
GXXXNX GUYANE
65%
XLLXXR ALLIER
64%
XRXXGX ARIEGE
63%
XXSX OISE
60%
RXXNXXN REUNION
53%
XXNNX YONNE
51%
Aucun quiz correspondant
Distribution des résultats
% des personnes avec chaque résultat
Percentile par nombre de réponses
Votre historique - résultats
Vous n’avez pas pris ce quiz